| 000 | 00451nam a2200193Ia 4500 | ||
|---|---|---|---|
| 003 | GCL | ||
| 008 | 140319s9999 xx 000 0 eng d | ||
| 040 |
_aGCL / _cGCL |
||
| 082 | 0 | 4 |
_a759 _bB G |
| 100 | 1 | _aBUENDIA, ROGELIO | |
| 245 | 1 | 0 |
_aGOYA / _cBUENDIA, ROGELIO |
| 260 |
_a[S.N] : _bEDITIONS DU MONTPARMOSSE ، _c1990 |
||
| 300 | _a99 PP | ||
| 650 | 0 | 4 | _aARTS |
| 650 | 0 | 4 | _aPAINTING |
| 650 | 0 | 4 | _aGOYA |
| 650 | 0 | 4 | _aPAINTERS |
| 942 |
_2ddc _cBK |
||
| 999 |
_c18979 _d18979 |
||